| 000 | 01335nam a2200349 i 4500 | ||
|---|---|---|---|
| 001 | 000007386 | ||
| 003 | DO-SdBNP | ||
| 005 | 20260430122336.0 | ||
| 007 | ta | ||
| 008 | 090908s1997 dr r 000 0 spa d | ||
| 020 | _a9768156481 | ||
| 040 |
_aDO-SdBNP _bspa _cBNPHU _erda |
||
| 041 | 1 | 7 |
_aspa _beng |
| 082 | 4 |
_aRD860.9 _bT332d _222 |
|
| 245 | 0 | 0 |
_aTertuliando = Hanging out : _bdominicanas y amiga [o]s = dominican women and friends ; bilingual text [o]s bilingues 1994-1996 / _ccompilación y prólogo de Daisy Cocco De Filippis. |
| 246 | 3 | 1 | _aHanging out : bilingual text [o]s bilingues 1994-1996 |
| 250 | _aPrimera edición/ First edition | ||
| 264 | 4 |
_aSanto Domingo, República Dominicana : _bPublicaciones de la Comisión Permanente de la Feria Nacional del Libro, _c©1997. |
|
| 300 |
_avolumen ; _c21 cm. |
||
| 336 |
_atexto _btxt _2rdacontent |
||
| 337 |
_asin mediación _bn _2rdamedia |
||
| 338 |
_avolumen _bnc _2rdacarrier |
||
| 500 | _aLa biblioteca posee el v.1 | ||
| 504 | _aBibliografía : páginas 61-63 | ||
| 546 | _aTexto en inglés y español | ||
| 590 | _aInventariado, 2018/BT | ||
| 650 | 0 |
_aAutores _99847 |
|
| 650 | 4 |
_aLiteratura dominicana _ySiglo XX _985167 |
|
| 700 | 1 |
_aCocco de Filippis, Daysi, _eprologuista _4pr. _920530 |
|
| 910 | _aValidado. Control de calidad. MFF | ||
| 942 |
_2ddc _cLBS1 |
||
| 999 |
_c7167 _d7167 |
||